| 000 | 00932nam a2200241 a 4500 | ||
|---|---|---|---|
| 001 | 000022716 | ||
| 005 | 20200930021745.0 | ||
| 008 | 101116s1985 ag r 000 mbspa d | ||
| 020 | _a9509097411 | ||
| 040 |
_aDO-SdBNP _bspa _cBNPHU |
||
| 041 | 1 | 7 |
_aspa _heng _2Código de idioma MARC |
| 082 |
_a928.1 _bT488W |
||
| 100 | 1 |
_aWagenknecht, Edward, _d1900-2004 _946688 |
|
| 240 | 1 | 0 |
_aHenry David Thoreau. _lEspañol. |
| 245 | 1 | 0 |
_aAsí era Henry David Thoreau : _bretrato de un hombre extraño / _cEdward wagenknecht ; traducción de Anibal Leal. |
| 260 |
_aBuenos Aires : _bFraterna, _c1985. |
||
| 300 |
_a273 p. ; _c20 cm. |
||
| 504 | _aIncluye referencias bibliográficas y notas al final de capítulo. | ||
| 534 |
_pTítulo original en inglés: _tHenry David Thoreau _cE.U.A. : The University of Massachusetts, 1981. |
||
| 600 | 1 | 0 |
_aTHOREAU, HENRY DAVID, _d1817-1862 _911967 |
| 700 | 1 |
_aLeal, Anibal, _etr. _94573 |
|
| 049 | _aBNGR | ||
| 999 |
_c22213 _d22213 |
||